Statistics for Name All Of Michael Jackson's Albums

Click here to take the quiz!

General Stats

  • This quiz has been taken 195 times
    (142 since last reset)
  • The average score is 6 of 10

Answer Stats

HintAnswer% Correct
1982Thriller
97%
1987Bad
85%
1979Off The Wall
75%
1991Dangerous
61%
1972Ben
60%
1995HIStory
57%
2001Invincible
54%
1973Music & Me
39%
1972Got To Be There
36%
1975Forever, Michael
34%

Score Distribution

Percentile by Number Answered

Percent of People with Each Score

Your Score History

You have not taken this quiz since the last reset